Tourism development : (Record no. 384)

MARC details
000 -LEADER
fixed length control field 00525nam a2200193 4500
001 - CONTROL NUMBER
control field 499
005 - DATE AND TIME OF LATEST TRANSACTION
control field 20181127161550.0
010 00 - LIBRARY OF CONGRESS CONTROL NUMBER
LC control number
020 00 - INTERNATIONAL STANDARD BOOK NUMBER
International Standard Book Number 9788131303450
090 00 - LOCALLY ASSIGNED LC-TYPE CALL NUMBER (OCLC); LOCAL CALL NUMBER (RLIN)
Classification number (OCLC) (R) ; Classification number, CALL (RLIN) (NR) 338.4791 J254t 2008
100 00 - MAIN ENTRY--PERSONAL NAME
Personal name Jain, Yashodhara.
245 00 - TITLE STATEMENT
Title Tourism development :
Remainder of title Problems and prospects /
Statement of responsibility, etc. Yashodhara Jain.
Medium
250 00 - EDITION STATEMENT
Edition statement
260 00 - PUBLICATION, DISTRIBUTION, ETC.
Place of publication, distribution, etc. New Delhi :
Name of publisher, distributor, etc. A.P.H. Publishing Corporation,
Date of publication, distribution, etc. 2008.
300 00 - PHYSICAL DESCRIPTION
Extent xvi, 124 p. : ill, maps.
500 00 - GENERAL NOTE
General note
650 00 - SUBJECT ADDED ENTRY--TOPICAL TERM
Topical term or geographic name entry element Tourism --Government policy.
General subdivision
Topical term or geographic name entry element Tourism --India.
General subdivision
Holdings
Withdrawn status Lost status Source of classification or shelving scheme Damaged status Not for loan Collection code Home library Current library Shelving location Date acquired Cost, normal purchase price Serial Enumeration / chronology Inventory number Full call number Barcode Date last seen Price effective from Koha item type
    Dewey Decimal Classification     Main TEST RTC Library RTC Library Main opac 08/03/2022 800.00 3065 338.4791 JAI 30000383 27/11/2018 27/11/2018 Main
Royal Thimphu College || All Right Reserved